000 00596nam a2200193 i 4500
001 75831
003 ES-MaACL
005 20230906172621.0
007 t|
008 040928s1967 sp ||||1| spa d
100 1 _aGraupner, Heinz.
_959768
245 1 0 _aInvestigaciones sobre la vida
_b: historia de la biología /
_cHeinz Graupner ; [versión de Manuel R. Blancafort].
250 _a[1ª ed.].
260 _aBarcelona :
_bCaralt,
_c[1967]
300 _a254 p., 7 lám. ;
_c22 cm.
700 1 _aBlancafort, Manuel R.
_9208101
852 _aES-MaACL
_jC-32275
_bR.62680
999 _c75831
_d75831